| 000 | 01016nam a2200289 a 4500 | ||
|---|---|---|---|
| 001 | BRCA_8081 | ||
| 005 | 20190320210125.0 | ||
| 008 | 030414s1965----sz-a###f##---#001-0#eng-# | ||
| 041 | _aeng | ||
| 044 | _asz | ||
| 050 | 4 |
_aN7104 _b.C57 1965 |
|
| 100 | 1 |
_aCirici-Pellicer, Alexandre _920083 |
|
| 245 | 1 | 0 |
_aTreasures of Spain _bfrom Charles V to Goya _cAlexandre Cirici-Pellicer ; introduction by F. J. Sánchez Cantón ; translated from the spanish by Robin Kemball. |
| 260 |
_aSuiza _bSkira _c1965 |
||
| 300 |
_axxiv, 236 p. _bil. a color _c32 cm. |
||
| 500 | _aContiene índice de ilustraciones | ||
| 500 | _aY113 | ||
| 600 | 1 | 4 |
_aGante, Carlos de _cV (quinto) _d1500-1558 _920084 |
| 600 | 1 | 4 |
_aGoya y Lucientes, Francisco de _d1746-1828 _912799 |
| 650 | 1 | 4 |
_aArte español _vHistoria _920085 |
| 650 | 1 | 4 |
_aArte español _vMedieval _920086 |
| 650 | 1 | 4 |
_aArte español _vRenacimiento _920087 |
| 700 | 1 |
_aSánchez Cantón, F. J. _911073 |
|
| 700 | 1 |
_aKemball, Robin _etr. _920088 |
|
| 902 | _aGFM | ||
| 942 |
_2lcc _cB |
||
| 999 |
_c7749 _d7749 |
||